Trasa Warszawskiej linii autobusowej 111 - Statystyki

Ogólne statystyki
  • Ten quiz został rozwiązany 19 razy
  • Średni wynik to 21 z 32
Statystyki odpowiedzi
Dzielnica Przystanek % Poprawnych
Wola Esperanto
100%
Śródmieście Metro Ratusz-Arsenał
90%
Śródmieście PKP Powiśle
90%
Wola Smocza
90%
Śródmieście Plac Bankowy
80%
Śródmieście Plac Teatralny
80%
Śródmieście Uniwersytet
80%
Śródmieście / Wola Anielewicza
70%
Śródmieście Foksal
70%
Praga-Południe / Wawer Gocław
70%
Praga-Południe / Wawer Gocław
70%
Śródmieście Most Poniatowskiego
70%
Śródmieście Muranów
70%
Śródmieście Muzeum Narodowe
70%
Śródmieście Nalewki-Muzeum
70%
Śródmieście Ordynacka
70%
Śródmieście Plac Piłsudskiego
70%
Praga-Południe Rondo Waszyngtona
70%
Praga-Południe Afrykańska
60%
Praga-Południe Saska
60%
Śródmieście Zamenhofa
60%
Praga-Południe Abrahama
50%
Praga-Południe Adampolska
50%
Praga-Południe Ateńska
50%
Praga-Południe Osiedle Orlik
50%
Praga-Południe Osiedle Wilga
50%
Praga-Południe Stacja Krwiodawstwa
50%
Praga-Południe Umińskiego
50%
Praga-Południe Brazylijska
40%
Praga-Południe Walecznych
40%
Praga-Południe Wał Gocławski
40%
Praga-Południe Zwycięzców
40%
Nie znaleziono quizów pasujących do podanych kryteriów
Rozkład punktacji
Procent ludzi z każdym wynikiem
Percentyl według liczby udzielonych odpowiedzi
Twoja historia wyników
Nie rozwiązałeś tego quizu